1204 1533 1536 1968 1957 1506 1519 1808 1717 1150 1557 1588 1830 1253 1965 1883 1697 1444 1196 1450 1145 1907 1547 1154 1674 1689 1948 1962 1800 1840 1647 1934 1136 1576 1789 1487 1983 1599 1106 1795 1057 1010 1760 1783 1188 1323 1344 1177 1635 1814 1780 1358 1693 1293 1712 1580 1570 1774 1564 1889 1178 1586 1469 1002 1516 1527 1116 1058 1843 1609 1438 1323 1780 1338 1654 1095 1438 1354 1444 1009 1172 1256 1422 1098 1665 1819 1897 1111 1239 1020 1676 1725 1796 1020 1435 1200 1567 1896 1770 BCNSPRNW ULIB Ver.6.0+V

เปลี่ยนเป็นภาษาไทย

Change to English
 แสดงรายละเอียดบรรณานุกรม
  กลับหน้าหลัก

Brief Record : Get Marc (ISO 2709) : E-mail record : QR code < ปิดหน้าต่าง
LEADER : 00000nam 2200000uu 4500
001    13399122289
003     ULIB
008    130204s2555||||th 000 0 tha d
020    ^a9789746726832
060  4 ^aWY18^bอ664 2555
100 0  ^aอารีวรรณ กลั่นกลิ่น
245 00 ^aการเรียนรู้โดยใช้ปัญหาเป็นหลักทางพยาบาลศาสตร์ ^b=Problem-Based Learning in Nursing Education /^cอารีวรรณ กลั่นกลิ่น
246 31 Problem-Based Learning in Nursing Education
250    ^aพิมพ์ครั้งที่ 1
260    ^aเชียงใหม่ :^bคณะพยาบาลศาสตร์ มหาวิทยาลัยเชียงใหม่,^c2555
300    ^a180 [1] หน้า
650  0 ^aEDUCATION, NURSING
650  0 ^aการเรียนที่ใช้ปัญหาเป็นฐาน
650  0 ^aการพยาบาล^xการศึกษาและการสอน
945    ^p210^l0^i19799
945    ^p210^l0^i19800
945    ^p210^l0^i19801
995    ทศพร
999    ^aทศพร เกษรทอง
รายการนี้ยังไม่มีแท็ก
คุณยังไม่ได้ล็อกอิน คุณสามารถมีกิจกรรมร่วมกับเว็บไซต์ได้ แต่ต้องล็อกอินก่อน ::
  ล็อกอิน

รายการสื่อสารสนเทศ

ลำดับที่ ประเภท เลขเรียก/บาร์โค้ด สถานที่ สถานะ
1. Book การพยาบาล
Book การพยาบาล
WY18 อ664 2555 ฉ.1 
  Barcode: 19799
ห้องสมุดวิทยาเขตนครสวรรค์
►ส่วนจัดเก็บหนังสือเก่า นว.
บนชั้น
  ขอยืม
2. Book การพยาบาล
Book การพยาบาล
WY18 อ664 2555 ฉ.2 
  Barcode: 19800
ห้องสมุดวิทยาเขตนครสวรรค์
►ส่วนจัดเก็บหนังสือเก่า นว.
บนชั้น
  ขอยืม
3. Book การพยาบาล
Book การพยาบาล
WY18 อ664 2555 ฉ.3 
  Barcode: 19801
ห้องสมุดวิทยาเขตนครสวรรค์
►ส่วนจัดเก็บหนังสือเก่า นว.
บนชั้น
  ขอยืม

รายการใกล้เคียง
    ผู้แต่ง [อารีวรรณ กลั่นกลิ่น]

    หัวเรื่อง [EDUCATION, NURSING]
    หัวเรื่อง [การเรียนที่ใช้ปัญหาเป็นฐาน]

BibComment


ยังไม่เคยถูกคอมเมนท์

คอมเมนท์ทรัพยากรรายการนี้
  คอมเมนท์: การเรียนรู้โดยใช..


 Copyright 2026. Bcnsprnw @Library